Reglamento de la Casa provincial de misericordia de huérfanos y desamparados
Descripción Física:
19 p. + 13 f. amb models de documents ; 31 cm
MARC
| LEADER | 00000nam a2200000Ia 4500 | ||
|---|---|---|---|
| 001 | 17229 | ||
| 008 | 160829s1853] xx 000 0 cat d | ||
| 080 | |a RF-11-24 | ||
| 100 | |a Casa de Misericordia (Barcelona) |9 48660 | ||
| 245 | |a Reglamento de la Casa provincial de misericordia de huérfanos y desamparados | ||
| 260 | |a [Barcelona : |b Impr. de la V. e hija de Garriga i Aguasvivas, |c 1853] | ||
| 300 | |a 19 p. + 13 f. amb models de documents ; |c 31 cm | ||
| 590 | |a Prové de la caixeta núm. 99 del Fons Casa de Caritat | ||
| 650 | |a Casa de Misericordia (Barcelona) |x Reglaments i procediment |9 48661 | ||
| 856 | 4 | |u https://media.diba.cat/diba/fitxers/arxiu/fulletons/bib_17229_1853_baixa.pdf |y Accés lliure | |
| 856 | 4 | |u https://media.diba.cat/diba/fitxers/arxiu/fulletons/bib_17229_1853_baixa.pdf |y Accés lliure | |
| 901 | |a Arxiu | ||
| 942 | |n 1 |2 udc | ||
| 952 | |0 0 |1 0 |4 0 |6 RF1124 |7 1 |9 54741 |a Arxiu |b Arxiu |d 2016-12-01 |l 0 |o RF-11-24 |p 17229 |r 2016-12-01 00:00:00 |w 2016-12-01 |y ARXIU | ||
| 999 | |c 58610 |d 58610 | ||
| 900 | |a bib_17229_1853_baixa.pdf | ||